Mapa regional de la infancia en Chile
Salvato in:
| Ente Autore: | |
|---|---|
| Natura: | Libro |
| Lingua: | spagnolo |
| Pubblicazione: |
Ñuñoa
Servicio Nacional de Menores
1995
|
| Soggetti: | |
| Tags: |
Aggiungi Tag
Nessun Tag, puoi essere il primo ad aggiungerne!!
|
MARC
| LEADER | 00000nam a2200000 a 4500 | ||
|---|---|---|---|
| 001 | UCN4433 | ||
| 003 | CL-VaPUC | ||
| 008 | 010803e19951100CL |||||||||||||||||spa|d | ||
| 082 | 0 | 4 | |a 362.73 |b SER |2 21 |
| 110 | 2 | |a Servicio Nacional de Menores |e author |9 460849 | |
| 245 | 1 | 0 | |a Mapa regional de la infancia en Chile |
| 300 | |a 555 p | ||
| 942 | |c BK | ||
| 945 | |d 20010803 00:00:00 |a cmena | ||
| 260 | |a Ñuñoa |b Servicio Nacional de Menores |c 1995 | ||
| 600 | 0 | 7 | |a SENAME |2 CL-VaPUC |9 447506 |
| 650 | 0 | |a Niños |9 255605 | |
| 650 | 0 | |a Derechos del niño |9 258728 | |
| 650 | 0 | |a Bienestar social |9 255298 | |
| 650 | 7 | |a PROGRAMAS SOCIALES |2 CL-VaPUC |9 324718 | |
| 583 | |a last modification |c 20010803 00:00:00 |k Rodrigo Vera | ||
| 999 | |c 296677 |d 296675 | ||
| 952 | |0 0 |1 0 |4 0 |6 362_730000000000000_SER_1995 |7 0 |8 P |9 350690 |a BIBEDU |b BIBEDU |c BIBEDU_PB |d 2019-11-20 |i 3739902 |o 362.73 SER 1995 |p 3739902 |r 2024-01-25 |w 2019-11-20 |y BK |k BME | ||